| 000 | 00875nac a22002291u 4500 | ||
|---|---|---|---|
| 010 | _a 2002108119 | ||
| 020 | _a053438014X | ||
| 035 | _a(DLC) 2002108119 | ||
| 082 |
_a620.0042 _bHAI |
||
| 090 |
_c8882 _d8882 |
||
| 100 | _aHaik, Yousef, | ||
| 245 | 1 | 0 |
_aEngineering design process / _cYousef Haik. |
| 260 |
_a[South Melbourne, Victoria], Australia ; _aPacific Grove, CA : _bThomson/Brooks/Cole,2003 _cc2003. |
||
| 300 |
_a270 p. : _bill. ; _c25 cm. |
||
| 500 | _aIncludes index. | ||
| 500 | _adistributer: Scientific home bookshop | ||
| 511 | _acatalgued by: wessam | ||
| 650 | 0 | _aEngineering design. | |
| 856 | 4 | 1 |
_3Table of contents _uhttp://www.loc.gov/catdir/toc/fy043/2002108119.html |
| 942 |
_cBB _k620.0042HAI |
||
| 999 |
_c8882 _d8882 |
||